The second duals of Beurling algebras
Saved in:
| Main Author: | |
|---|---|
| Other Authors: | |
| Format: | Book |
| Language: | English |
| Published: |
Providence, R.I. :
American Mathematical Society,
2005
|
| Series: | Memoirs of the American Mathematical Society ;
; 836 |
| Subjects: | |
| Tags: |
Add Tag
No Tags, Be the first to tag this record!
|
MARC
| LEADER | 00000nam a2200000 i 4500 | ||
|---|---|---|---|
| 001 | 1/59990 | ||
| 008 | 071023s2005 eng d | ||
| 020 | |a 0-8218-3774-5 | ||
| 035 | |l 10091751 | ||
| 040 | |a GR-MY-UA |b gre |e aacr | ||
| 041 | 0 | |a eng | |
| 082 | 0 | |a 512.554 |2 (22) | |
| 100 | 1 | |a Dales, H. G. |q (Harold G.) |d 1944- | |
| 245 | 1 | 4 | |a The second duals of Beurling algebras / |c H.G. Dales, A.T-M. Lau. |
| 260 | |a Providence, R.I. : |b American Mathematical Society, |c 2005 | ||
| 300 | |a vi, 191 σ.; |b εικ.; |c 26 εκ. | ||
| 490 | 1 | |a Menoirs of the American Mathematical Society |v ; 836 | |
| 504 | |a Περιλαμβάνει βιβλιογραφικές παραπομπές (σ. 177-184) και ευρετήρια. | ||
| 650 | 0 | 0 | |a Banach algebras. |
| 650 | 0 | 0 | |a Measure algebras. |
| 650 | 0 | 0 | |a Topological groups. |
| 700 | 1 | |a Lau, Anthony To-Ming. | |
| 830 | 0 | |a Memoirs of the American Mathematical Society ; |v ; 836 | |
| 852 | |a INST |b SAMOS |e 20071023 |h 512.554 DAL |p 005300028044 |q 005300028044 |t BK |y 0 | ||
| 901 | |a BIBL3-2007-3 | ||
| 909 | |a Σ |b 139389 | ||
| 922 | |a 3ΕΛΗ |b 200709 |c ΕΠΕΑΕΚ2/ΤΜΗΜΑ ΜΑΘΗΜΑΤΙΚΩΝ |d ΠΑΠΑΣΩΤΗΡΙΟΥ | ||
| 970 | |a ΣΙΤΖΙΜΗ |b ΓΙΑΣΕΜΗ |z 2007/10/23 | ||